000 00358nam a2200133Ia 4500
005 20260328101526.0
008 260328s9999||||xx |||||||||||||| ||und||
100 _aAlbrecht, Donald
245 0 _aGlobal citizen :
_b The Architecture of Moshe Safdie /
_cDonald Albrecht
260 _bScala Publishers
300 _a142 p.
650 _aARQUITECTOS
942 _cBK
999 _c9790
_d9790